000 00257nam a22001217a 4500
008 170724b xxu||||| |||| 00| 0 eng d
041 _aeng
080 _a004
100 _a29
101 _aSHKI
245 _aCOMPUTERGRAFIK
_cFELLNER, W.D
942 _2udc
_cBK
999 _c21790
_d21790